000 02292nam0a2200349 4500
001 RU\NLR\bibl\1212860
005 20260408191129.0
010 _a978-5-91541-001-4
021 _aRU
_b2008-12872
_9704
035 _a(NLR Aleph) 001199266
090 _a1766061
_c1766061
100 _a20080222d2008 |||y0rusy50 ca
101 0 _arus
102 _aRU
105 _ay |||||||||
200 1 _aЭкономика и организация производства. Пищевая промышленность
_eучебное пособие для студентов вузов, обучающихся по направлениям подготовки дипломированного специалиста 260200 (655600) "Производство продуктов питания из растительного сырья", 260500 (655500) "Технология продовольственных продуктов специального назначения и общественного питания", 260600 (655800) "Пищевая инженерия"
_fМагомедов М.Д., Куломзина Е.Ю., Чайкина И.И.
210 _aСанкт-Петербург
_cРегиональная ассоциация поддержки профобразования
_d2008
215 _a310, [1] c.
_d22
320 _aБиблиогр. в конце кн. (56 назв.)
517 0 _aПищевая промышленность
606 1 _aПищевая промышленность
_jУчебные издания для высших учебных заведений
_xОрганизация производства
_92146425
_3RU\NLR\auth\661293109
606 _aПищевая промышленность
_xЭкономика
_jУчебные издания для высших учебных заведений
_3RU\NLR\auth\661263817
_92087647
686 _aУ30(2)67-801я73
686 _aУ30(2)67я73
700 1 _aМагомедов
_bМ. Д.
_gМагомед Даниялович
_4070
701 1 _aКуломзина
_bЕ. Ю.
_gЕлена Юрьевна
_4070
701 1 _aЧайкина
_bИ. И.
_gИрина Ивановна
_4070
801 0 _aRU
_bNLR
_c20080222
_gRCR
801 1 _aRU
_bNLR
_c20080222
942 _cBOOK
980 _aNB